<The> theory of the firm microeconomics with endogenous entrepreneurs, firms, markets and organizations

Gespeichert in:
Bibliographische Detailangaben
1. Verfasser: Spulber, Daniel F.
Format: Buch
Sprache:Englisch
Veröffentlicht: New York Cambridge University Press 2009
Schlagworte:
Tags: Tag hinzufügen
Keine Tags, Fügen Sie das erste Tag hinzu!

MARC

LEADER 00000nam a2200000 4500
001 0143538
005 20221207101346.8
020 |a 978-0-521-73660-2 
020 |a 978-0-521-51738-6 
041 0 |a eng 
044 |a US 
245 1 0 |a <The> theory of the firm  |b microeconomics with endogenous entrepreneurs, firms, markets and organizations  |c Daniel F. Spulber 
264 1 |a New York  |b Cambridge University Press  |c 2009 
300 |a xiii, 529 s. 
610 2 0 |a mikroekonomika 
610 2 0 |a teórie ekonomické 
610 2 0 |a firmy 
610 2 0 |a trh 
610 2 0 |a podnikatelia 
610 2 0 |a zákazníci 
610 2 0 |a kapitál ľudský 
610 2 0 |a kapitál finančný 
610 2 0 |a štruktúra podniku organizačná 
100 1 |a Spulber, Daniel F.